<?xml version="1.0" encoding="UTF-8"?><?xml-stylesheet type="text/xsl" href="static/style.xsl"?><OAI-PMH xmlns="http://www.openarchives.org/OAI/2.0/" xmlns:xsi="http://www.w3.org/2001/XMLSchema-instance" xsi:schemaLocation="http://www.openarchives.org/OAI/2.0/ http://www.openarchives.org/OAI/2.0/OAI-PMH.xsd"><responseDate>2026-04-13T16:48:47Z</responseDate><request verb="GetRecord" identifier="oai:www.recercat.cat:10459.1/64161" metadataPrefix="marc">https://recercat.cat/oai/request</request><GetRecord><record><header><identifier>oai:recercat.cat:10459.1/64161</identifier><datestamp>2024-12-05T21:25:17Z</datestamp><setSpec>com_2072_3622</setSpec><setSpec>col_2072_479130</setSpec></header><metadata><record xmlns="http://www.loc.gov/MARC21/slim" xmlns:dcterms="http://purl.org/dc/terms/" xmlns:xsi="http://www.w3.org/2001/XMLSchema-instance" xmlns:doc="http://www.lyncode.com/xoai" xsi:schemaLocation="http://www.loc.gov/MARC21/slim http://www.loc.gov/standards/marcxml/schema/MARC21slim.xsd">
   <leader>00925njm 22002777a 4500</leader>
   <datafield ind2=" " ind1=" " tag="042">
      <subfield code="a">dc</subfield>
   </datafield>
   <datafield ind2=" " ind1=" " tag="720">
      <subfield code="a">García Cela, Esther</subfield>
      <subfield code="e">author</subfield>
   </datafield>
   <datafield ind2=" " ind1=" " tag="260">
      <subfield code="c">2015-01-29T11:29:05Z</subfield>
   </datafield>
   <datafield ind2=" " ind1=" " tag="260">
      <subfield code="c">2015-09-14T05:45:14Z</subfield>
   </datafield>
   <datafield ind2=" " ind1=" " tag="260">
      <subfield code="c">2014-09-15</subfield>
   </datafield>
   <datafield ind2=" " ind1=" " tag="520">
      <subfield code="a">Las micotoxinas son contaminantes químicos de origen biológico que suponen el mayor riesgo en la cadena alimentaria, debido a su amplia presencia y a los múltiples efectos perjudiciales que producen en los seres humanos y en los animales. En esta Tesis se ha puesto de manifiesto la elevada incertidumbre asociada al muestreo para la determinación del contenido de micotoxinas en pistachos, dentro del sistema de gestión de seguridad alimentaria. También se ha evaluado como posible reto emergente en la gestión, los posibles efectos derivados de un hipotético cambio climático caracterizado por incremento de la temperatura, radiación ultravioleta y sequedad en la micobiota ocratoxigénica presente en uvas y cereales. Las principales conclusiones obtenidas son: i) posible adaptación de las especies micotoxigénicas; ii) predominancia de aspergilos negros en las condiciones más extremas; iii) ineficacia de los antifúngicos en el control de ocratoxina A y posible necesidad de transición de unas materias activas a otras en función de las condiciones climáticas.</subfield>
   </datafield>
   <datafield ind2=" " ind1=" " tag="520">
      <subfield code="a">Mycotoxins are biologically derived chemical contaminants that pose the greatest risk in the food chain due to their widespread occurrence and the many detrimental effects that occur in humans and in animals. This thesis has highlighted the high uncertainty associated with the sampling for the determination of mycotoxins in pistachios, within the system of food safety management. The possible effects of a hypothetical climate characterized by increased temperature, drought and UV radiation on ocrhatoxigenic mycobiota of grapes and cereals has also been evaluated as a possible emerging management challenge. The main conclusions are: i) possible adaptation of mycotoxigenic species; ii) predominance of black aspergili under extreme conditions; iii) loss of antifungal effective in controlling ochratoxin A and possible need to transition from an active ingredient to another depending on the weather materials.</subfield>
   </datafield>
   <datafield ind1="8" ind2=" " tag="024">
      <subfield code="a">http://hdl.handle.net/10459.1/64161</subfield>
   </datafield>
   <datafield tag="653" ind2=" " ind1=" ">
      <subfield code="a">Micotoxines</subfield>
   </datafield>
   <datafield tag="653" ind2=" " ind1=" ">
      <subfield code="a">Canvi climàtic</subfield>
   </datafield>
   <datafield tag="653" ind2=" " ind1=" ">
      <subfield code="a">Seguretat alimentària</subfield>
   </datafield>
   <datafield tag="653" ind2=" " ind1=" ">
      <subfield code="a">Micotoxinas</subfield>
   </datafield>
   <datafield tag="653" ind2=" " ind1=" ">
      <subfield code="a">Cambio climático</subfield>
   </datafield>
   <datafield tag="653" ind2=" " ind1=" ">
      <subfield code="a">Seguridad alimentaria</subfield>
   </datafield>
   <datafield tag="653" ind2=" " ind1=" ">
      <subfield code="a">Mycotoxins</subfield>
   </datafield>
   <datafield tag="653" ind2=" " ind1=" ">
      <subfield code="a">Climate change</subfield>
   </datafield>
   <datafield tag="653" ind2=" " ind1=" ">
      <subfield code="a">Food safety</subfield>
   </datafield>
   <datafield tag="653" ind2=" " ind1=" ">
      <subfield code="a">Tecnologia d'aliments</subfield>
   </datafield>
   <datafield tag="653" ind2=" " ind1=" ">
      <subfield code="a">579</subfield>
   </datafield>
   <datafield ind2="0" ind1="0" tag="245">
      <subfield code="a">Challenges in management of aflatoxins and ochratoxin A in contaminated raw materials</subfield>
   </datafield>
</record></metadata></record></GetRecord></OAI-PMH>